000 04538nam a2200349 a 4500
001 000015127
003 OSt
005 20250621074005.0
008 090709s2009 dr c 001 f spa d
020 _z9993427098
040 _aDO-SdBNP
_bspa
_cBNPHU
082 4 _a972.93053
_bR696m, 2009
100 1 _aRodríguez Demorizi, Emilio,
_d1908-1986
_91039
245 1 3 _aLa muerte de Trujillo según sus autores y los papeles de Ramfis Trujillo /
_cEmilio Rodríguez Demorizi ; editor Bernardo Vega ; prólogo Clara Rodríguez Demorizi.
250 _a3a. ed.
260 _aSanto Domingo :
_bFundación Rodríguez Demorizi :
_bFundación Cultural Dominicana,
_c2009.
300 _a243 p. :
_bil., retrs. ;
_c2009.
500 _aEn la cubierta: segunda edición.
500 _aIncluye índice onomástico.
500 _aIncluye datos biográficos del autor en la solapa de la cubierta
504 _aBibliográfía : p. 231.
505 2 _tPrólogo /
_rClara Rodríguez Demorizi --
_tIntroducción /
_rBernardo Vega --
_tUna demaciado breve misión diplomática --
_tCincuenta y tres días --
_tOpiniones de Luis Amiama, de Ramfis Trujillo y del Lic. Temístocles Messina sobre el papel de Emilio Rodríguez Demorizi en la liberación de varias personas apresadas con motivo de la muerte de Trujillo --
_tLa muerte de Trujillo según sus autores --
_tAntecedentes --
_tDeclaraciones de los héroes del 30 de mayo dadas el 18 de noviembre de 1961 comparadas con las ofrecidas bajo tortura a principios de junio de ese año --
_tModesto E. Díaz Quezada --
_tRoberto Pastoriza Neret --
_tPedro Livio Cedeño --
_tLuis Salvador Estrella Sadhalá --
_tHuáscar Tejeda --
_tLuis Manuel ( Tunti ) Cáceres Michel --
_tLas armas utilizadas en la muerte de Trujillo, por Bernardo Vega --
_tCertificado médico del Dr. Francisco González Cruz, E. N. --
_tDeclaraciones de Antonio Imbert a Francisco ( Pancho ) Aguirre, en abril de 1964 --
_tLas dos declaraciones del chofer de Trujillo-- Notas a manos de Rodríguez Demorizi --
_tCarta de Tomás Báez Díaz a Homero Hernández, de agosto de 1981 --
_tDeclaración de Horacio Frías, ex jefe de la Penitenciaría Nacional de La Victoria --
_tEntrevista hecha a Ramfis por el periodista cubano José Suárez Núñez, en enero de 1966, en la revista venezolana Elite -- La carta de Ramfis a José Suárez Núñez --
_tDos opiniones personales de Rodríguez Demorizi --
_tAmiama Tió involucra a Rafael Vidal en el complot --
_tOpinión de Ramfis Trujillo sobre los que mataron a su padre --
_tEl papel de José René ( Pupo ) Román Fernández en el complot --
_tNotas tomadas por Rodríguez Demorizi sobre una conversación con Ramfis en febrero de 1966 --
_tCarta pública de los hijos de Román Fernández--
_tReacción pública de Ramfis a la declaración de los hijos de Román Fernández --
_tRedacción pública de Ramfis a la declaración de los hijos de Román .
505 2 _tCarta de Octavio ("Tavito") Balcácel --
_tCarta de Fernando A. ("Tunti") Sánchez Otero a Ramfis, sobre "Pupo" Román --
_tOpinión de Horacio Frías, ex jefe del penal de La Victoria, sobre "Pupo" Román --
_tLas negociaciones políticas de Ramfis Trujillo con los norteamericanos, Junio-Noviembre de 1961 --
_tAntecedentes --
_tMemorándum de Ramfis crítico de Balaguer --
_tMemorándum de Charles MacLaughlin sobre su reunión con Robert Murphy, el 7 de agosto de 1961 --
_tLo negociado con McGhee y las exigencias de la OEA --
_tLas memorias de McGhee --
_tCarta de J. Arismendy ("Petán") Trujillo, de 1962 --
_tOtros asuntos --
_tLas 44 preguntas hechas por Rodríguez Demorizi a Ramfis --
_tSantiago Rey y el enterramiento de Trujillo en París --
_tOpinión de Ramfis Trujillo sobre Anselmo Paulino Álvarez --
_tOpinión de Ramfis Trujillo sobre Mayobanex Vargas --
_tOpinión del coronel Miguel Ángel Hernando Ramírez sobre Trujillo, José rené Román, Luis Amiama Tió y Antonio Imbert y reacción de Ramfis Trujillo a esos comentarios --
_tFuentes de los documentos --
_tBibliografía --
_tÍndice onomástico.
600 1 0 _aTrujillo Molina, Rafael Leónidas,
_d1891-1961
_xMuerte
_910869
600 1 4 _a Trujillo Martínez, Rafael Leónidas,
_c(Ramfis),
_d1929-1969
_xCorrespondencias, memorias, etc.
_91246
651 4 _aRepública Dominicana
_xHistoria
_yEra de Trujillo, 1930-1961
_xFuentes
_92416
651 0 _aRepública Dominicana
_xPolítica y gobierno
_945
700 1 _aRodríguez Demorizi, Clara,
_epról.
_91248
700 1 _aVega, Bernardo,
_d1938 -
_eed.
_93222
910 _aValidado. Control de calidad MMOLINA
942 _2ddc
_cLF1
999 _c14699
_d14699